[Event "RUS-ch 53rd"]
[Site "Samara"]
[Date "2000.06.17"]
[Round "1"]
[White "Kosyrev, Vladimir"]
[Black "Najer, Evgeniy"]
[Result "1-0"]
[WhiteElo "2474"]
[BlackElo "2572"]
[Annotator "Huzman,A"]
[PlyCount "57"]
[EventDate "2000.06.03"]
[EventType "swiss"]
[EventRounds "11"]
[EventCountry "RUS"]
[SourceTitle "CBM 078"]
[Source "ChessBase"]
[SourceDate "2000.10.18"]
[SourceVersion "1"]
[SourceVersionDate "2000.10.18"]
[SourceQuality "1"]

1. d4 Nf6 2. c4 g6 3. Nc3 Bg7 4. e4 d6 5. Nf3 O-O 6. h3 e5 7. d5 Na6 8. Bg5 h6
9. Be3 Nc5 10. Nd2 a5 11. g4 (11. a3 Ne8 12. b4 axb4 13. axb4 Rxa1 14. Qxa1 Na6
15. Qa3 f5 {Beliavsky,A-Khalifman,A/Ubeda/1997}) 11... c6 12. Be2 a4 13. Bxc5 (
13. b4 axb3 14. axb3 Rxa1 15. Qxa1 Na6 16. Qa3 c5 17. Ndb1 (17. Qc1 Nb4 18. Kf1
Kh7 19. Nf3 Qe7 20. Qd1 Kh8 21. Ne1 Bd7 22. Nd3 Ra8 23. f3 Nxd3 24. Bxd3 h5 25.
Kg2 Nh7 26. Qc2 Bf6 $15 {0-1 Comas Fabrego,L-Khalifman,A/Anibal op4th 1997/CBM
58/[Meulders] (46)}) 17... Ne8 18. Qc1 Kh7 19. Qd2 Qh4 20. g5 f5 21. gxh6 Bf6
22. exf5 Bxf5 23. Rg1 Nb4 $36 {1/2-1/2 Kosyrev Vladimir-Motylev Alexander/Ch
Russia (juniors) (under 1997 (48)}) 13... dxc5 14. Nxa4 b5 $146 (14... Nd7 15.
Nc3 f5 16. gxf5 gxf5 17. Qc2 Qh4 18. O-O-O Nf6 19. Kb1 Nxe4 20. Ndxe4 fxe4 21.
Nxe4 Rf4 22. Bg4 $16 {1-0 Shabalov,A-Anka,E/Biel 1992/CBM 31 ext (41)}) 15.
cxb5 (15. Nxc5 bxc4 16. dxc6 Qb6 17. Nd7 Bxd7 (17... Nxd7 18. cxd7 Bxd7 19.
Nxc4 Qb7 20. O-O $16) 18. cxd7 Qxb2 $132) 15... cxd5 16. Nxc5 Qe7 17. b4 Nxe4 (
17... dxe4 18. Qb3 Rd8 19. Bc4 $16) 18. Ndxe4 dxe4 19. Qb3 $16 Be6 (19... Kh7
$142 20. a4 f5 21. a5 $16) 20. Nxe6 fxe6 21. O-O Rf4 (21... Rad8 $142 22. a4
Rd2 23. Qe3 Qxb4 24. a5 Qd4 25. a6 $16) 22. Rac1 Raf8 23. b6 $18 Kh8 24. Rc7
Qd6 25. Qe3 Qxb4 26. b7 R4f7 27. Rxf7 Rxf7 28. Ba6 Bf8 29. Qb3 1-0

[Event "RUS-chT2"]
[Site "Korolev"]
[Date "2000.??.??"]
[Round "?"]
[White "Kosyrev, Vladimir"]
[Black "Loginov, Valery A"]
[Result "1-0"]
[WhiteElo "2512"]
[BlackElo "2514"]
[PlyCount "93"]
[EventDate "2000.10.??"]
[EventType "team"]
[EventRounds "9"]
[EventCountry "RUS"]
[SourceTitle "EXT 2002"]
[Source "ChessBase"]
[SourceDate "2001.11.25"]
[SourceVersion "1"]
[SourceVersionDate "2001.11.25"]
[SourceQuality "1"]

1. d4 Nf6 2. c4 e6 3. Nf3 b6 4. e3 Bb7 5. Bd3 d5 6. O-O Bd6 7. b3 O-O 8. Nbd2
Nbd7 9. Qc2 c5 10. Bb2 cxd4 11. exd4 Rc8 12. Rad1 Bf4 13. Rfe1 Rc7 14. Ne5 Qa8
15. Nxd7 Rxd7 16. c5 a5 17. a3 Ba6 18. Nf3 Bxd3 19. Rxd3 Ne4 20. g3 Bb8 21. b4
Qc6 22. Ne5 Bxe5 23. dxe5 axb4 24. axb4 h6 25. f3 Ng5 26. h4 Nh7 27. Bd4 Ra8
28. b5 Qxb5 29. cxb6 Ra2 30. Qxa2 Qxd3 31. Qa8+ Nf8 32. Bc5 Kh7 33. b7 Qb5 34.
b8=Q Qxc5+ 35. Kf1 Qc3 36. Qb1+ Ng6 37. Qd1 Nxe5 38. Qaa1 Qxa1 39. Qxa1 Nxf3
40. Rd1 Nh2+ 41. Ke2 Ng4 42. Qb1+ f5 43. Qb6 Re7 44. Qd6 Re8 45. Rb1 Nf6 46.
Rb8 Rxb8 47. Qxb8 1-0

[Event "Chigorin Memorial 09th"]
[Site "St Petersburg"]
[Date "2001.10.29"]
[Round "4"]
[White "Kosyrev, Vladimir"]
[Black "Ulko, Jaroslav"]
[Result "1-0"]
[WhiteElo "2558"]
[BlackElo "2477"]
[PlyCount "105"]
[EventDate "2001.10.26"]
[EventType "swiss"]
[EventRounds "9"]
[EventCountry "RUS"]
[SourceTitle "EXT 2002"]
[Source "ChessBase"]
[SourceDate "2001.11.25"]
[SourceVersion "1"]
[SourceVersionDate "2001.11.25"]
[SourceQuality "1"]

1. d4 Nf6 2. c4 g6 3. Nc3 Bg7 4. e4 d6 5. Nf3 O-O 6. h3 e5 7. d5 Nh5 8. Nh2 Na6
9. g3 c6 10. Be2 Nf6 11. Ng4 Nc5 12. Nxf6+ Qxf6 13. b4 Na6 14. a3 Nc7 15. h4
Qe7 16. h5 cxd5 17. cxd5 Bd7 18. hxg6 hxg6 19. g4 f5 20. gxf5 gxf5 21. exf5
Bxf5 22. Be3 Rac8 23. Qd2 a6 24. Rg1 Qh4 25. O-O-O Nb5 26. Bxb5 axb5 27. Kb2
Bg4 28. Rc1 e4 29. Kb3 Qh5 30. Bd4 Rc7 31. Rg3 Rf3 32. Rxf3 exf3 33. Rg1 Qf5
34. Bxg7 Rxg7 35. Qd4 Rg6 36. Qe4 Kf7 37. Qxf5+ Bxf5 38. Rxg6 Bxg6 39. Nxb5 Ke7
40. Kc4 Bh5 41. Kd4 Bg6 42. Ke3 Bh5 43. Kf4 Bf7 44. Nc3 Bh5 45. Kg5 Bf7 46. Kg4
Kf6 47. Kxf3 Ke5 48. Ke3 Bxd5 49. f4+ Ke6 50. f5+ Ke5 51. Nxd5 Kxd5 52. Kf4 b5
53. Kg5 1-0

[Event "Chigorin Memorial 09th"]
[Site "St Petersburg"]
[Date "2001.10.03"]
[Round "9"]
[White "Kosyrev, Vladimir"]
[Black "Kuporosov, Viktor"]
[Result "1-0"]
[WhiteElo "2558"]
[BlackElo "2469"]
[PlyCount "101"]
[EventDate "2001.10.26"]
[EventType "swiss"]
[EventRounds "9"]
[EventCountry "RUS"]
[SourceTitle "EXT 2002"]
[Source "ChessBase"]
[SourceDate "2001.11.25"]
[SourceVersion "1"]
[SourceVersionDate "2001.11.25"]
[SourceQuality "1"]

1. d4 d5 2. c4 c6 3. Nc3 Nf6 4. Nf3 dxc4 5. a4 Bf5 6. Ne5 Nbd7 7. Nxc4 Nb6 8.
Ne5 a5 9. f3 Nfd7 10. Nxd7 Nxd7 11. e4 Bg6 12. Be3 e6 13. Be2 Bb4 14. O-O O-O
15. Qb3 Qc7 16. Rac1 Rae8 17. Kh1 Qb8 18. e5 Kh8 19. f4 Qa8 20. Na2 Nb6 21. Bf3
Rd8 22. Nxb4 axb4 23. Ra1 Nd5 24. Bd2 Qa6 25. Bxb4 Qb6 26. Bxd5 Rxd5 27. Qc3
Rfd8 28. Bc5 Qa6 29. Rfe1 h6 30. Ra3 R8d7 31. Qb4 Kh7 32. Rf3 Bh5 33. Rfe3 Bg6
34. h3 Qa8 35. Rf1 Qa6 36. Rf2 Bd3 37. Qc3 Bb1 38. a5 Qb5 39. Kh2 Kg8 40. g4
Qa4 41. Re1 Bd3 42. b4 Qb5 43. Re3 Bc4 44. f5 Rxc5 45. bxc5 Bd5 46. Re1 Qa6 47.
f6 g6 48. Rb1 Kh7 49. Rb6 Qa8 50. Rfb2 h5 51. a6 1-0

[Event "Moscow Aeroflot op"]
[Site "Moscow"]
[Date "2002.02.05"]
[Round "1"]
[White "Kosyrev, Vladimir"]
[Black "Annageldyev, Orazly"]
[Result "1-0"]
[WhiteElo "2565"]
[BlackElo "2483"]
[PlyCount "64"]
[EventDate "2002.02.04"]
[EventType "swiss"]
[EventRounds "9"]
[EventCountry "RUS"]
[SourceTitle "CBM 088"]
[Source "ChessBase"]
[SourceDate "2002.03.21"]
[SourceVersion "1"]
[SourceVersionDate "2002.03.21"]
[SourceQuality "1"]

1. d4 Nf6 2. c4 c5 3. d5 b5 4. cxb5 a6 5. bxa6 e6 6. Nc3 Nxd5 7. Nxd5 exd5 8.
Qxd5 Nc6 9. e3 Be7 10. a3 O-O 11. Nf3 Qb6 12. Bc4 Bxa6 13. O-O Nb4 14. axb4
Bxc4 15. Qxa8 Rxa8 16. Rxa8+ Bf8 17. Rd1 Qc6 18. Rd8 d5 19. bxc5 Qxc5 20. Nd4
h6 21. b3 Qb6 22. Rd7 Ba6 23. Rxd5 Bb7 24. Rb5 Qc7 25. Bd2 Qd7 26. Ra1 Qc8 27.
Bb4 Bxb4 28. Rxb4 Qc3 29. Rba4 h5 30. h3 Qd3 31. Rc1 Qe4 32. Nf3 Qe6 1-0

[Event "Moscow Aeroflot op-A"]
[Site "Moscow"]
[Date "2004.02.24"]
[Round "8"]
[White "Kosyrev, Vladimir"]
[Black "Ni, Hua"]
[Result "1-0"]
[WhiteElo "2522"]
[BlackElo "2560"]
[PlyCount "55"]
[EventDate "2004.02.17"]
[EventType "swiss"]
[EventRounds "9"]
[EventCountry "RUS"]
[SourceTitle "EXT 2005"]
[Source "ChessBase"]
[SourceDate "2004.11.15"]
[SourceVersion "1"]
[SourceVersionDate "2004.11.15"]
[SourceQuality "1"]

1. d4 d5 2. c4 c6 3. Nf3 Nf6 4. e3 a6 5. Bd3 Bg4 6. Nbd2 e6 7. b3 c5 8. O-O
cxd4 9. exd4 Nc6 10. Bb2 dxc4 11. bxc4 Be7 12. Qe2 O-O 13. Rac1 Rc8 14. Qe3 b5
15. Ne5 bxc4 16. Bxc4 Nxe5 17. dxe5 Nd5 18. Qg3 Bf5 19. Bxa6 Rb8 20. Nb3 Ra8
21. Bc4 Rxa2 22. Nd4 Rxb2 23. Nxf5 exf5 24. Rcd1 Bh4 25. Qf3 Qc7 26. Qxd5 Rb4
27. Rd4 Qd8 28. Qxd8 1-0

[Event "Biel MTO op"]
[Site "Biel"]
[Date "2004.07.23"]
[Round "5"]
[White "Kosyrev, Vladimir"]
[Black "Marcelin, Cyril"]
[Result "1-0"]
[WhiteElo "2550"]
[BlackElo "2451"]
[PlyCount "59"]
[EventDate "2004.07.19"]
[EventType "swiss"]
[EventRounds "11"]
[EventCountry "SUI"]
[SourceTitle "CBM 101 Extra"]
[Source "ChessBase"]
[SourceDate "2004.09.01"]
[SourceVersion "2"]
[SourceVersionDate "2004.09.01"]
[SourceQuality "1"]

1. d4 Nf6 2. c4 e6 3. Nf3 d5 4. Nc3 dxc4 5. e4 Bb4 6. Bg5 c5 7. Bxc4 cxd4 8.
Nxd4 Bxc3+ 9. bxc3 Qa5 10. Bxf6 Qxc3+ 11. Kf1 gxf6 12. Rc1 Qa5 13. Bb5+ Ke7 14.
e5 fxe5 15. Qh5 Nd7 16. Qg5+ Kd6 17. Be2 a6 18. Nf3 f6 19. Qg7 Qd8 20. Nd2 Nc5
21. Ne4+ Nxe4 22. Rd1+ Kc6 23. Rxd8 Rxd8 24. Qxh7 f5 25. Qg7 Kd6 26. f3 Nc3 27.
f4 Nd5 28. Qxe5+ Ke7 29. Qg7+ Kd6 30. Bf3 1-0

[Event "Moscow Aeroflot op-B"]
[Site "Moscow"]
[Date "2005.02.20"]
[Round "6"]
[White "Andreikin, Dmitry"]
[Black "Kosyrev, Vladimir"]
[Result "0-1"]
[WhiteElo "2472"]
[BlackElo "2539"]
[PlyCount "90"]
[EventDate "2005.02.15"]
[EventType "swiss"]
[EventRounds "9"]
[EventCountry "RUS"]
[SourceTitle "EXT 2006"]
[Source "ChessBase"]
[SourceDate "2005.11.24"]
[SourceVersion "1"]
[SourceVersionDate "2005.11.24"]
[SourceQuality "1"]

1. e4 e6 2. d4 d5 3. Nd2 Nf6 4. e5 Nfd7 5. Bd3 c5 6. c3 Nc6 7. Ne2 cxd4 8. cxd4
f6 9. exf6 Nxf6 10. Nf3 Qc7 11. O-O Bd6 12. Bg5 O-O 13. Bh4 Nh5 14. Qc2 h6 15.
Bg6 Rxf3 16. Bxh5 Bxh2+ 17. Kh1 Rf5 18. Bg6 Bd6 19. Bxf5 exf5 20. f4 Qf7 21.
Bg3 Bd7 22. Rfe1 Ne7 23. Qb3 Bc6 24. Ng1 Ng6 25. Nf3 Nxf4 26. Ne5 Bxe5 27. Rxe5
Ng6 28. Re2 f4 29. Bh2 Rf8 30. Rf2 Re8 31. Qc3 Qf6 32. Raf1 Re4 33. Qc5 Rxd4
34. Qxa7 Kh7 35. Qb8 Qh4 36. Kg1 Qg4 37. Qd6 Re4 38. Bxf4 d4 39. Bh2 Qg5 40.
Rc2 Rg4 41. Rff2 Qe3 42. Rxc6 bxc6 43. Qxc6 Nh4 44. g3 Rg6 45. Qd5 Rf6 0-1

[Event "Moscow Aeroflot op-B"]
[Site "Moscow"]
[Date "2005.02.22"]
[Round "8"]
[White "Geller, Jakov"]
[Black "Kosyrev, Vladimir"]
[Result "0-1"]
[WhiteElo "2483"]
[BlackElo "2539"]
[PlyCount "114"]
[EventDate "2005.02.15"]
[EventType "swiss"]
[EventRounds "9"]
[EventCountry "RUS"]
[SourceTitle "EXT 2006"]
[Source "ChessBase"]
[SourceDate "2005.11.24"]
[SourceVersion "1"]
[SourceVersionDate "2005.11.24"]
[SourceQuality "1"]

1. e4 e6 2. d4 d5 3. Nc3 Bb4 4. e5 c5 5. a3 Bxc3+ 6. bxc3 Ne7 7. Qg4 O-O 8. Bd3
f5 9. exf6 Rxf6 10. Bg5 Rf7 11. Qh5 g6 12. Qd1 c4 13. Be2 Nbc6 14. Nf3 Qf8 15.
O-O h6 16. Bc1 Qg7 17. a4 Bd7 18. Ba3 g5 19. Bd6 Nf5 20. Be5 Qg6 21. h3 h5 22.
Bh2 g4 23. Ne5 Nxe5 24. Bxe5 gxh3 25. g3 Rh7 26. Kh2 Rf8 27. a5 Be8 28. Rb1 Nh6
29. f3 Rhf7 30. Qd2 Ba4 31. Rbc1 Kh7 32. Kxh3 h4 33. g4 Rxf3+ 34. Bxf3 Rxf3+
35. Rxf3 Qxg4+ 36. Kh2 Qxf3 37. Kg1 Ng4 38. Rf1 Nxe5 39. dxe5 Qg3+ 40. Qg2
Qxg2+ 41. Kxg2 d4 42. cxd4 Bxc2 43. Kh3 Kg7 44. Kxh4 b5 45. axb6 axb6 46. Kg5
b5 47. Rf6 b4 48. Rxe6 b3 49. Rb6 c3 50. Rb7+ Kg8 51. Rb8+ Kf7 52. d5 b2 53.
e6+ Ke7 54. Rb7+ Kd8 55. Kf6 b1=Q 56. Rxb1 Bxb1 57. Kf7 Bg6+ 0-1

[Event "PAL/CSS Freestyle KO"]
[Site "Playchess.com INT"]
[Date "2005.06.19"]
[Round "3.6"]
[White "Landa, Konstantin"]
[Black "Kosyrev, Vladimir"]
[Result "0-1"]
[WhiteElo "2574"]
[BlackElo "2539"]
[PlyCount "106"]
[EventDate "2005.06.12"]
[EventType "k.o."]
[EventRounds "3"]
[EventCountry "GER"]
[SourceTitle "CBM 106 Extra"]
[Source "ChessBase"]
[SourceDate "2005.07.01"]
[SourceVersion "1"]
[SourceVersionDate "2005.07.01"]
[SourceQuality "1"]

1. e4 e5 2. Nf3 Nf6 3. Nxe5 d6 4. Nf3 Nxe4 5. Nc3 Nxc3 6. dxc3 Be7 7. Be3 O-O
8. Qd2 Nc6 9. O-O-O Ne5 10. Nd4 c5 11. Nb5 Be6 12. Nxd6 Qb6 13. b4 Rad8 14.
Bxc5 Qc7 15. Nb5 Qc6 16. Qe1 Rxd1+ 17. Qxd1 Bxc5 18. bxc5 Qa6 19. Qh5 Ng4 20.
Bd3 h6 21. Qh4 Qxa2 22. Re1 Bd7 23. Re4 Bxb5 24. Rxg4 Qa3+ 25. Kd2 Bxd3 26.
cxd3 Qb2+ 27. Kd1 Qxc3 28. Rd4 Qxc5 29. Rd8 Rxd8 30. Qxd8+ Kh7 31. Qd7 Qxf2 32.
Qxb7 a5 33. Kc1 Qf4+ 34. Kc2 Qxh2 35. Qe4+ g6 36. Kb3 Qc7 37. d4 Qb6+ 38. Ka2
Qd6 39. d5 a4 40. Qc4 h5 41. Qd4 f5 42. Qc4 f4 43. Qc6 Qb4 44. Qc7+ Kh6 45. Qe5
Qb3+ 46. Ka1 Qe3 47. Qb2 Kg5 48. Ka2 Qb3+ 49. Qxb3 axb3+ 50. Kxb3 f3 51. gxf3
h4 52. d6 Kf6 53. Kc4 Ke6 0-1

[Event "Moscow Aeroflot op-B"]
[Site "Moscow"]
[Date "2006.02.08"]
[Round "2"]
[White "Kosyrev, Vladimir"]
[Black "Iuldachev, Saidali"]
[Result "1-0"]
[WhiteElo "2546"]
[BlackElo "2480"]
[PlyCount "63"]
[EventDate "2006.02.07"]
[EventType "swiss"]
[EventRounds "9"]
[EventCountry "RUS"]
[SourceTitle "EXT 2007"]
[Source "ChessBase"]
[SourceDate "2006.11.23"]
[SourceVersion "1"]
[SourceVersionDate "2006.11.23"]
[SourceQuality "1"]

1. d4 Nf6 2. c4 d6 3. Nf3 Nbd7 4. Nc3 e5 5. e4 c6 6. Be2 g6 7. O-O Bg7 8. d5
Nc5 9. Qc2 a5 10. Be3 Qe7 11. Nxe5 cxd5 12. cxd5 Ncxe4 13. Qa4+ Kf8 14. Nxe4
Nxe4 15. Qxe4 Bxe5 16. Rac1 Qd8 17. Bh6+ Kg8 18. b3 Bd7 19. Qe3 a4 20. Bf4 Bxf4
21. Qxf4 axb3 22. axb3 Kg7 23. Qxd6 Bf5 24. Qb4 Qf6 25. Rc7 Rhe8 26. Bc4 Ra1
27. d6 Be6 28. d7 Rea8 29. Bb5 b6 30. Qd2 Bxb3 31. Rc8 Rxf1+ 32. Bxf1 1-0

[Event "Moscow Aeroflot op-B"]
[Site "Moscow"]
[Date "2006.02.11"]
[Round "5"]
[White "Stefanova, Antoaneta"]
[Black "Kosyrev, Vladimir"]
[Result "0-1"]
[WhiteElo "2502"]
[BlackElo "2546"]
[PlyCount "98"]
[EventDate "2006.02.07"]
[EventType "swiss"]
[EventRounds "9"]
[EventCountry "RUS"]
[SourceTitle "EXT 2007"]
[Source "ChessBase"]
[SourceDate "2006.11.23"]
[SourceVersion "1"]
[SourceVersionDate "2006.11.23"]
[SourceQuality "1"]

1. d4 e6 2. c4 Nf6 3. g3 d5 4. Nf3 dxc4 5. Bg2 a6 6. O-O Nc6 7. Nc3 Rb8 8. e4
Be7 9. Qe2 b5 10. Rd1 Nb4 11. Ne1 O-O 12. a3 Nc6 13. d5 exd5 14. e5 Bg4 15. Bf3
Bxf3 16. Nxf3 Nd7 17. Nxd5 Kh8 18. h4 Qc8 19. e6 fxe6 20. Nxe7 Nxe7 21. Qxe6
Rxf3 22. Qxe7 Nf8 23. Be3 Kg8 24. a4 Rf7 25. Qc5 Nd7 26. Qd5 Nf6 27. Qc6 Qh3
28. Bf4 Rbf8 29. Rd2 h6 30. axb5 axb5 31. Ra8 Rxa8 32. Qxa8+ Kh7 33. Qc6 Re7
34. Rd1 Qf5 35. Bxc7 Re2 36. Bb6 Rxb2 37. Bd4 Qg4 38. Bxb2 Qxd1+ 39. Kh2 Qd5
40. Qb6 Ng4+ 41. Kg1 Ne5 42. Kh2 Nf3+ 43. Kh3 Qf5+ 44. Kg2 Ne1+ 45. Kf1 Qd3+
46. Kxe1 Qb1+ 47. Ke2 Qxb2+ 48. Ke3 Qc3+ 49. Ke4 Qd3+ 0-1

[Event "Moscow Aeroflot op-B"]
[Site "Moscow"]
[Date "2006.02.15"]
[Round "9"]
[White "Ramesh, Ramachandran B"]
[Black "Kosyrev, Vladimir"]
[Result "0-1"]
[WhiteElo "2507"]
[BlackElo "2546"]
[PlyCount "106"]
[EventDate "2006.02.07"]
[EventType "swiss"]
[EventRounds "9"]
[EventCountry "RUS"]
[SourceTitle "EXT 2007"]
[Source "ChessBase"]
[SourceDate "2006.11.23"]
[SourceVersion "1"]
[SourceVersionDate "2006.11.23"]
[SourceQuality "1"]

1. e4 e6 2. d4 d5 3. Nd2 Nf6 4. e5 Nfd7 5. c3 c5 6. Bd3 Nc6 7. Ngf3 f6 8. exf6
Nxf6 9. O-O cxd4 10. cxd4 Bd6 11. b3 O-O 12. Bb2 Bd7 13. Ne5 Be8 14. Nxc6 Bxc6
15. Nf3 Ne4 16. Qe2 a6 17. Ne5 Bxe5 18. dxe5 Nc5 19. Rfe1 d4 20. f3 Qg5 21. Bc1
Qh5 22. Ba3 Nxd3 23. Qxd3 Rf5 24. Rac1 Qg5 25. Kh1 Rxe5 26. Rxe5 Qxe5 27. Rd1
Rd8 28. Bb2 Qg5 29. a4 e5 30. Re1 Bd5 31. Bc1 Qf6 32. Bd2 Re8 33. h3 h6 34. a5
Bf7 35. b4 Bd5 36. b5 axb5 37. Qxb5 Bc6 38. Qc5 Kh7 39. Qc2+ Kh8 40. Qd3 Re6
41. Bb4 Qg5 42. Qd2 Qf5 43. Kh2 Rg6 44. Re2 Kh7 45. Rf2 e4 46. fxe4 Qxe4 47.
Qe2 Qh4 48. Bc5 Qg3+ 49. Kh1 Qc3 50. Bb6 d3 51. Qe3 Bxg2+ 52. Kh2 Bc6 53. Bd4
Qc4 0-1

[Event "Moscow-ch final"]
[Site "Moscow"]
[Date "2008.05.08"]
[Round "2"]
[White "Kosyrev, Vladimir"]
[Black "Rustemov, Alexander"]
[Result "1-0"]
[WhiteElo "2523"]
[BlackElo "2552"]
[PlyCount "77"]
[EventDate "2008.05.08"]
[EventType "k.o."]
[EventRounds "4"]
[EventCountry "RUS"]
[SourceTitle "CBM 124 Extra"]
[Source "ChessBase"]
[SourceDate "2008.07.03"]
[SourceVersion "1"]
[SourceVersionDate "2008.07.03"]
[SourceQuality "1"]

1. c4 c5 2. Nc3 g6 3. g3 Bg7 4. Bg2 Nc6 5. e4 e6 6. Nge2 a6 7. d3 Nge7 8. O-O
O-O 9. Be3 Nd4 10. Rb1 Nec6 11. a3 Rb8 12. b4 d6 13. bxc5 dxc5 14. f4 Nxe2+ 15.
Nxe2 b6 16. e5 Qc7 17. Kh1 f6 18. exf6 Bxf6 19. g4 Bd7 20. Be4 Ne7 21. Ng3 b5
22. Qd2 Bg7 23. Qf2 Rbc8 24. Rfc1 g5 25. f5 exf5 26. gxf5 Qe5 27. cxb5 Nxf5 28.
bxa6 Nd6 29. Qg2 Nxe4 30. dxe4 Bg4 31. Kg1 Rf3 32. Re1 Qc3 33. Nf5 Bxf5 34.
Qxf3 Bd7 35. Qd1 Bc6 36. Qd6 Qc4 37. Rb8 Rf8 38. Rxf8+ Bxf8 39. Qxc6 1-0